The Alalakh tablets /

Bibliographic Details
Main Author: Wiseman, D. J. (Donald John)
Format: Book
Language:English
Published: London : British Institute of Archaeology at Ankara, 1953.
Series:Occasional publications of the British Institute of Archaeology at Ankara ; no. 2.
Subjects:

MARC

Tag First Indicator Second Indicator Subfields
LEADER 00000cam a2200000 4500
001 in00000024861
005 20151007054426.0
008 781024s1953 enkh 00110 eng
010 |a a 55001890  
035 |a (OCoLC)04314373 
035 |9 AAB5019AM 
040 |a DLC  |c AFU  |d m/c  |d TXA  |d UtOrBLW 
049 |a TXAM  |c [A11488860] 
050 4 |a DS156.A47  |b W52 
100 1 |a Wiseman, D. J.  |q (Donald John) 
245 1 4 |a The Alalakh tablets /  |c by D.J. Wiseman. 
264 1 |a London :  |b British Institute of Archaeology at Ankara,  |c 1953. 
300 |a iv, 164 pages, 58 pages of plates :  |b facsimiles ;  |c 29 cm. 
336 |a text  |b txt  |2 rdacontent 
337 |a unmediated  |b n  |2 rdamedia 
338 |a volume  |b nc  |2 rdacarrier 
490 1 |a Occasional publications of the British Institute of Archaeology at Ankara,  |v no. 2 
500 |a Includes indexes. 
651 0 |a Alalakh (Extinct city) 
650 0 |a Civilization, Ancient. 
830 0 |a Occasional publications of the British Institute of Archaeology at Ankara ;  |v no. 2. 
999 |a MARS 
999 f f |s ad3e1dac-9afe-3285-a4a5-53bfaecc078a  |i 99efccb9-3590-3a28-8492-fa50fde76758  |t 0 
952 f f |p ric  |a Texas A&M University  |b Rellis Campus  |c Joint Library Facility  |d Remote Storage  |t 0  |e DS156.A47 W52  |h Library of Congress classification  |i unmediated -- volume  |m A14811488860 
998 f f |a DS156.A47 W52  |t 0  |l Remote Storage